Представление документа в формате MARC21

Поле Инд. ПП Название Значение
Тип записи a
Библиографический уровень b
001 Контрольный номер UNIDUBNAa8c59a3b4fe04a11a54b2de805d9b9bc
005 Дата корректировки 20260528221447.5
084 a Индекс другой классификации/Индекс ББК 66.033.11
084 a Индекс другой классификации/Индекс ББК 66.031.1
084 a Индекс другой классификации/Индекс ББК 66.3(2Рос),1
084 a Индекс другой классификации/Индекс ББК 66.04
100 1_ a Автор Березкина О.
q Полное имя Березкина Оксана Степановна
245 10 a Заглавие Отказывается ли президент от демократии?
520 0_ a Аннотация Анализ президентских инициатив по реформированию политического управления в России в сопоставлении с историческим опытом советского времени
600 14 a Персоналии Путин Владимир Владимирович
650 04 a Основная рубрика внутренняя политика
a Основная рубрика политика
a Основная рубрика политология
653 0_ a Ключевые слова XX век
a Ключевые слова вертикаль власти
a Ключевые слова демократия
a Ключевые слова исполнительная власть
a Ключевые слова исторический опыт
a Ключевые слова переходное общество
a Ключевые слова политическая модернизация
a Ключевые слова президентская система правления
a Ключевые слова Россия
a Ключевые слова советский период
a Ключевые слова СССР
773 18 t Заглавие источника Родина
d Дата издания источника 2005
g Прочая информация № 1. - С. 8-12
w Контрольный № источника RU/IS/BASE/160754957
901 t Тип документа b